Vista normal
Vista MARC
Entrada Materia (personas)
Número de registros utilizados en: 2
001 - CONTROL NUMBER
- control field: 145099
003 - CONTROL NUMBER IDENTIFIER
- control field: Co-BoUCM
005 - DATE AND TIME OF LATEST TRANSACTION
- control field: 20211022090750.0
008 - FIXED-LENGTH DATA ELEMENTS
- fixed length control field: 211022|| aca||aabn | a|a d
040 ## - CATALOGING SOURCE
- Original cataloging agency: Co-BoUCM
- Transcribing agency: Co-BoUCM
100 ## - HEADING--PERSONAL NAME
- Personal name: Troyes, Chrétien de
- Dates associated with a name: ca.1135-ca.1183
670 ## - SOURCE DATA FOUND
- Source citation: Work cat.: (Co-BoUCM)77482: Troyes, Chrétien de ca.1135-ca.1183, Guillermo de Inglaterra, 1997